[Event "XXXI Festival A"]
[Site "Arco ITA"]
[Date "2009.10.24"]
[Round "8"]
[White "Bonanzinga, Corrado"]
[Black "Battiston, Claudio"]
[Result "1/2-1/2"]
[WhiteElo "2136"]
[BlackElo "1983"]
[PlyCount "98"]
[EventDate "2009.10.17"]

1. e4 e5 2. Nf3 Nc6 3. Bb5 a6 4. Ba4 f5 5. d4 exd4 6. e5 Bc5 7. O-O Nge7 8. c3
dxc3 9. Nxc3 d5 10. Bg5 Be6 11. Bxc6+ bxc6 12. Rc1 h6 13. Na4 Ba7 14. Bxe7 Qxe7
15. Nd4 O-O 16. Rxc6 Bd7 17. Rxc7 Qxe5 18. Rxd7 Bxd4 19. Re1 Qf4 20. Qf3 Qxf3
21. gxf3 Rad8 22. Rc7 Rfe8 23. Rd1 Bf6 24. Rc6 d4 25. Nc5 Rc8 26. Rxc8 Rxc8 27.
Nd3 Rc2 28. Kf1 Kf7 29. Rc1 Rxc1+ 30. Nxc1 Ke6 31. Ke2 Kd5 32. Nd3 Be7 33. b3
g5 34. h3 Bd6 35. Ne1 a5 36. Kd3 Be7 37. Nc2 Bf6 38. a4 Bg7 39. b4 axb4 40.
Nxb4+ Kc5 41. Nc2 h5 42. a5 g4 43. fxg4 fxg4 44. hxg4 hxg4 45. a6 Kb6 46. a7
Kxa7 47. Nxd4 Kb7 48. Ke4 Bf6 49. Nf5 Bc3 1/2-1/2

[Event "XXXI Festival A"]
[Site "Arco ITA"]
[Date "2009.10.23"]
[Round "8"]
[White "Caldara, Sisto"]
[Black "Gandolfi, Gianfranco"]
[Result "0-1"]
[WhiteElo "1823"]
[BlackElo "1861"]
[PlyCount "112"]
[EventDate "2009.10.17"]

1. d4 Nf6 2. c4 e6 3. Nc3 d5 4. cxd5 exd5 5. Bg5 c6 6. e3 h6 7. Bh4 Bf5 8. Bd3
Bxd3 9. Qxd3 Nbd7 10. Nge2 Bd6 11. a3 Qc7 12. Bg3 O-O 13. O-O Bxg3 14. hxg3
Rfe8 15. Rfc1 Qd6 16. Na4 Ne4 17. b4 a6 18. Nac3 Ndf6 19. Nxe4 Nxe4 20. Nc3 Qf6
21. Nxe4 Rxe4 22. a4 Ree8 23. b5 axb5 24. axb5 Rxa1 25. Rxa1 c5 26. Rc1 c4 27.
Qa3 Qe6 28. Qb4 Ra8 29. Qc5 b6 30. Qb4 f5 31. Re1 Ra2 32. Rb1 Kf7 33. Kf1 Qe7
34. Ke1 Qxb4+ 35. Rxb4 g5 36. Rb1 g4 37. Kf1 Kf6 38. Kg1 Kg5 39. Rf1 h5 40. Rd1
h4 41. f3 hxg3 42. e4 gxf3 43. gxf3 fxe4 44. fxe4 dxe4 45. d5 c3 46. d6 Rd2 47.
Rc1 Rxd6 48. Rxc3 Rd5 49. Rxg3+ Kf4 50. Rb3 Ke5 51. Kf2 Kd4 52. Rb4+ Kd3 53.
Rb1 Rf5+ 54. Ke1 Kc4 55. Ke2 Rxb5 56. Rxb5 Kxb5 0-1

[Event "XXXI Festival A"]
[Site "Arco ITA"]
[Date "2009.10.24"]
[Round "8"]
[White "Clech, Jean-Louis"]
[Black "Kierzek, Matthias"]
[Result "0-1"]
[WhiteElo "2052"]
[BlackElo "2154"]
[PlyCount "53"]
[EventDate "2009.10.17"]

1. e4 c6 2. d4 d5 3. Nc3 dxe4 4. Nxe4 Bf5 5. Nc5 e5 6. Nxb7 Qe7 7. Na5 exd4+ 8.
Be2 Qb4+ 9. Qd2 Bxc2 10. Qxb4 Bxb4+ 11. Bd2 Bxd2+ 12. Kxd2 Be4 13. Nf3 Nf6 14.
Rhg1 c5 15. Ng5 O-O 16. Nxe4 Nxe4+ 17. Kc2 Nd7 18. f3 Nd6 19. Rae1 Nb6 20. Bd3
Rfe8 21. b3 Nd5 22. a3 Rxe1 23. Rxe1 Ne3+ 24. Kc1 Nxg2 25. Re5 Nf4 26. Ba6 c4
27. Nc6 0-1

[Event "XXXI Festival A"]
[Site "Arco ITA"]
[Date "2009.10.24"]
[Round "8"]
[White "Dalponte, Dino"]
[Black "Dappiano, Andrea"]
[Result "1-0"]
[WhiteElo "2138"]
[BlackElo "1975"]
[PlyCount "103"]
[EventDate "2009.10.17"]

1. d4 d6 2. e3 Nf6 3. Bc4 c6 4. Nd2 Bf5 5. Ngf3 Nbd7 6. e4 Bg4 7. e5 dxe5 8.
dxe5 Nd5 9. h3 Bxf3 10. Nxf3 e6 11. O-O Be7 12. Bb3 O-O 13. c4 N5b6 14. Qe2 Qc7
15. Bd2 Rfd8 16. Ba5 Nf8 17. Rad1 Bc5 18. Bc2 Qe7 19. a3 Rxd1 20. Rxd1 Nbd7 21.
Rd2 Bb6 22. Bb4 c5 23. Bc3 Rd8 24. Be4 Nb8 25. Qd1 Rxd2 26. Qxd2 Nc6 27. Bxc6
bxc6 28. Ng5 Qd7 29. Qf4 Ng6 30. Qe3 h6 31. Ne4 Qd1+ 32. Kh2 Nh4 33. Ng3 Qa4
34. Qe4 Ng6 35. f4 Ba5 36. Bxa5 Qxa5 37. f5 exf5 38. Nxf5 Qc7 39. Nd6 Ne7 40.
Kh1 Nc8 41. Qf4 Nxd6 42. exd6 Qd7 43. Qe5 f6 44. Qxc5 Kf7 45. Qd4 Ke8 46. Qe4+
Kf7 47. c5 f5 48. Qe5 g5 49. b4 f4 50. Kh2 Kg6 51. Qe4+ Kg7 52. Qf3 1-0

[Event "XXXI Festival A"]
[Site "Arco ITA"]
[Date "2009.10.24"]
[Round "8"]
[White "De Nisi, Roberta"]
[Black "Bonagura, Stefano"]
[Result "0-1"]
[WhiteElo "1903"]
[BlackElo "2086"]
[PlyCount "88"]
[EventDate "2009.10.17"]

1. d4 d5 2. c4 dxc4 3. e4 e5 4. Be3 exd4 5. Qxd4 Qxd4 6. Bxd4 Nc6 7. Bc3 b5 8.
Ne2 Bb7 9. f3 O-O-O 10. a3 a5 11. Nf4 Nd4 12. Bxd4 Rxd4 13. Nc3 c6 14. Rd1
Rxd1+ 15. Kxd1 Bd6 16. Nfe2 Nf6 17. g3 Kc7 18. Bh3 b4 19. axb4 axb4 20. Nb1 Rd8
21. Kc1 Bc5 22. Kc2 b3+ 23. Kc3 Ba6 24. Nc1 Bd4+ 25. Kd2 Bxb2+ 26. Ke3 Bd4+ 27.
Kf4 Nh5+ 28. Kg4 g6 29. f4 Bc8+ 30. f5 Ng7 31. Kf4 f6 32. g4 Be5+ 33. Kf3 b2
34. Ne2 Rd3+ 35. Kg2 c3 36. Nexc3 Bxc3 37. Nxc3 Rxc3 38. Rb1 Rb3 39. g5 fxg5
40. f6 Bxh3+ 41. Kf2 Ne6 42. f7 c5 43. Ke2 c4 44. Kd2 Bg2 0-1

[Event "XXXI Festival A"]
[Site "Arco ITA"]
[Date "2009.10.23"]
[Round "8"]
[White "De Polzer, Manfredi"]
[Black "Pistone, Salvatore"]
[Result "1/2-1/2"]
[WhiteElo "1812"]
[BlackElo "1864"]
[PlyCount "51"]
[EventDate "2009.10.17"]

1. e4 c5 2. Nc3 Nc6 3. Nf3 d6 4. d4 cxd4 5. Nxd4 Nf6 6. Be2 Bd7 7. Be3 a6 8.
Qd2 Rc8 9. O-O e5 10. Nb3 b5 11. f3 Be7 12. Rad1 Na5 13. Nxa5 Qxa5 14. a3 Qc7
15. Kh1 O-O 16. Bg5 Be6 17. Bxf6 Bxf6 18. Qxd6 Qc6 19. Qxc6 Rxc6 20. g3 Be7 21.
Rd3 Bc4 22. Rd2 Bxe2 23. Nxe2 Rfc8 24. Rfd1 Rxc2 25. Nc3 Rxd2 26. Rxd2 1/2-1/2

[Event "XXXI Festival A"]
[Site "Arco ITA"]
[Date "2009.10.24"]
[Round "8"]
[White "De Santis, Alessio"]
[Black "Kierzek, Mira"]
[Result "1-0"]
[WhiteElo "2309"]
[BlackElo "2043"]
[PlyCount "83"]
[EventDate "2009.10.17"]

1. Nf3 Nf6 2. g3 d5 3. Bg2 g6 4. b3 Bg7 5. Bb2 O-O 6. c4 c6 7. O-O Nbd7 8. d4
Ne4 9. Nbd2 Ndf6 10. a4 a5 11. Ra2 Be6 12. Qc2 Rc8 13. Nxe4 Nxe4 14. Rd1 Bf5
15. Qc1 Be6 16. Nd2 Nxd2 17. Rxd2 Bh6 18. e3 Bg7 19. c5 Bd7 20. Bc3 Re8 21. f4
f6 22. Rdb2 e5 23. b4 exd4 24. Bxd4 axb4 25. Rxb4 Rb8 26. a5 Qc7 27. Qc3 Rf8
28. Rb6 Rbe8 29. Qb3 Bc8 30. e4 Qe7 31. Ra1 f5 32. e5 g5 33. a6 bxa6 34. Rxc6
gxf4 35. gxf4 Kh8 36. Bxd5 Bb7 37. Rd6 Bxd5 38. Qxd5 Rg8 39. Kh1 Rb8 40. Rd7
Qh4 41. Rg1 Qxf4 42. Rdxg7 1-0

[Event "XXXI Festival A"]
[Site "Arco ITA"]
[Date "2009.10.23"]
[Round "8"]
[White "Del Nevo, Claudio"]
[Black "Matei, Bogdan Stefan"]
[Result "1/2-1/2"]
[WhiteElo "1858"]
[BlackElo "1707"]
[PlyCount "124"]
[EventDate "2009.10.17"]

1. d4 c6 2. Nf3 d5 3. c3 Bf5 4. Bf4 Nd7 5. Nbd2 Ngf6 6. e3 e6 7. h3 Be7 8. g4
Bg6 9. Nh4 Ng8 10. Nxg6 hxg6 11. Nf3 Ngf6 12. Bg2 Qb6 13. Qd2 O-O 14. Bg5 Rfe8
15. Bxf6 Nxf6 16. g5 Nd7 17. h4 Bf8 18. h5 gxh5 19. Rxh5 g6 20. Rh3 e5 21.
O-O-O e4 22. Rdh1 Bg7 23. Nh2 Qd8 24. Rg3 c5 25. Qe2 Nf8 26. Ng4 Ne6 27. Nh6+
Bxh6 28. Rxh6 Nxg5 29. Qg4 Ne6 30. Rgh3 Kf8 31. dxc5 Qg5 32. Qxg5 Nxg5 33. Rg3
Ne6 34. b4 a5 35. Kb2 Kg7 36. Rgh3 axb4 37. cxb4 Ra4 38. Rh7+ Kf6 39. a3 Ng5
40. Rh8 Nxh3 41. Rxe8 Nxf2 42. Kb3 Ra7 43. Rd8 Ng4 44. Rxd5 Nxe3 45. Rd6+ Ke7
46. Bxe4 f5 47. Bf3 g5 48. Rd3 f4 49. b5 g4 50. b6 Ra5 51. Bxb7 Rxc5 52. Kb4
Rc1 53. Ba8 Rb1+ 54. Kc5 g3 55. Bc6 Rc1+ 56. Kb5 Rxc6 57. Kxc6 g2 58. Rd7+ Kf6
59. b7 g1=Q 60. Rd6+ Ke7 61. Rd7+ Ke6 62. Rd6+ Ke7 1/2-1/2

[Event "XXXI Festival A"]
[Site "Arco ITA"]
[Date "2009.10.24"]
[Round "8"]
[White "Dittmar, Peter"]
[Black "Arakhamia-Grant, Ketevan"]
[Result "0-1"]
[WhiteElo "2359"]
[BlackElo "2499"]
[PlyCount "76"]
[EventDate "2009.10.17"]

1. c4 c5 2. g3 g6 3. Bg2 Bg7 4. Nc3 Nc6 5. Nf3 b6 6. O-O Bb7 7. e3 Nf6 8. d4
cxd4 9. exd4 O-O 10. d5 Na5 11. Qd3 Rc8 12. Nd2 Ng4 13. Re1 Ba6 14. Qe2 Ne5 15.
f4 Nexc4 16. Nxc4 Nxc4 17. f5 b5 18. d6 e6 19. fxg6 hxg6 20. Ne4 Qb6+ 21. Kh1
f5 22. Ng5 Qxd6 23. Bf4 Qe7 24. Rad1 Rce8 25. b3 Nb6 26. h4 e5 27. Be3 e4 28.
Qd2 Bb7 29. Bxb6 axb6 30. Qxd7 Qxd7 31. Rxd7 Bc8 32. Rd6 Rf6 33. Red1 Rxd6 34.
Rxd6 e3 35. Bd5+ Kf8 36. Nf3 e2 37. Ne1 Bc3 38. Nd3 Re3 0-1

[Event "XXXI Festival A"]
[Site "Arco ITA"]
[Date "2009.10.23"]
[Round "8"]
[White "Ebeling, Jens"]
[Black "Rizzoli, Aluna"]
[Result "1-0"]
[WhiteElo "2047"]
[BlackElo "1878"]
[PlyCount "57"]
[EventDate "2009.10.17"]

1. e4 d5 2. Nc3 d4 3. Nce2 e5 4. Ng3 Be6 5. Nf3 Nd7 6. c3 dxc3 7. dxc3 f6 8.
Be3 c6 9. Be2 Qc7 10. O-O g5 11. Bxg5 O-O-O 12. Be3 h5 13. Nh4 Bf7 14. Qa4 a6
15. b4 Nh6 16. c4 Nb6 17. Bxb6 Qxb6 18. b5 axb5 19. cxb5 c5 20. Qc2 Rd4 21. a4
Qa5 22. Rfd1 b6 23. Nhf5 Nxf5 24. Nxf5 Rxd1+ 25. Rxd1 Be6 26. Qd3 Qa8 27. Qd8+
Kb7 28. Qxf6 Bxf5 29. exf5 1-0

[Event "XXXI Festival A"]
[Site "Arco ITA"]
[Date "2009.10.23"]
[Round "8"]
[White "Facchetti, Lorenzo"]
[Black "Tovazzi, Maurizio"]
[Result "1/2-1/2"]
[WhiteElo "1836"]
[BlackElo "1643"]
[PlyCount "92"]
[EventDate "2009.10.17"]

1. d4 Nf6 2. Nf3 e6 3. e3 Be7 4. Bd3 d6 5. Nbd2 Nbd7 6. c3 c6 7. O-O O-O 8. Qe2
Re8 9. e4 Nf8 10. e5 dxe5 11. Nxe5 N6d7 12. Ndf3 Bf6 13. Bf4 a5 14. Nxd7 Nxd7
15. Ne5 Nf8 16. Rad1 g6 17. Qf3 Qe7 18. Ng4 Nd7 19. Rfe1 a4 20. h4 Ra5 21.
Nxf6+ Qxf6 22. Qg3 Qg7 23. Bc7 Rd5 24. Be5 Nxe5 25. Rxe5 Red8 26. Bc2 b5 27.
Rxd5 exd5 28. Qc7 Qf6 29. Re1 Kg7 30. Re7 Rf8 31. Qe5 Rd8 32. Qc7 Rf8 33. Qe5
Rd8 34. Rc7 Bd7 35. f4 Qxe5 36. fxe5 Kf8 37. Kf2 Ke7 38. Ke3 Ke6 39. Kf4 f6 40.
exf6 Kxf6 41. Bd1 h6 42. Bg4 Bxg4 43. Kxg4 h5+ 44. Kf4 Rd6 45. b3 axb3 46. axb3
Re6 1/2-1/2

[Event "XXXI Festival A"]
[Site "Arco ITA"]
[Date "2009.10.23"]
[Round "8"]
[White "Fortunato, Vito"]
[Black "Maneschi, Giuseppe"]
[Result "0-1"]
[WhiteElo "1913"]
[BlackElo "2072"]
[PlyCount "94"]
[EventDate "2009.10.17"]

1. d4 d6 2. c4 e5 3. Nc3 Nc6 4. Nf3 Bg4 5. d5 Nce7 6. Nd2 Bd7 7. e4 g6 8. Bd3
Bg7 9. Qe2 f5 10. g3 Nh6 11. Nf3 O-O 12. h4 f4 13. Qd1 c6 14. Be2 cxd5 15. cxd5
Qb6 16. Qb3 Nc8 17. Qxb6 Nxb6 18. Bd2 Rac8 19. b3 Ng4 20. Nh2 Nf6 21. g4 Rxc3
22. Bxc3 Nxe4 23. Bb2 Nf6 24. g5 Nfxd5 25. Rc1 Bc6 26. Bf3 Re8 27. Be4 Rd8 28.
O-O Nb4 29. Bxc6 Nxc6 30. Rfd1 Kf7 31. Nf3 Ke6 32. Nd2 d5 33. Nf3 Rd7 34. Ne1
e4 35. Bxg7 Rxg7 36. Nc2 Rd7 37. Nd4+ Nxd4 38. Rxd4 Ke5 39. Rcd1 Nc8 40. f3 e3
41. Kg2 e2 42. Rxd5+ Rxd5 43. Re1 Rd2 44. Kf2 Rxa2 45. Rxe2+ Rxe2+ 46. Kxe2 Kd4
47. Kd2 a5 0-1

[Event "XXXI Festival A"]
[Site "Arco ITA"]
[Date "2009.10.23"]
[Round "8"]
[White "Fragni, Enrico"]
[Black "Kern, Beat"]
[Result "1-0"]
[WhiteElo "1767"]
[BlackElo "1651"]
[PlyCount "85"]
[EventDate "2009.10.17"]

1. c3 d5 2. d3 Nf6 3. Bg5 e6 4. Nd2 Be7 5. e4 dxe4 6. dxe4 Nfd7 7. Bxe7 Qxe7 8.
Ngf3 e5 9. Bc4 Nb6 10. Bb3 O-O 11. Qe2 Nc6 12. O-O Na5 13. Bc2 Nc6 14. h3 Be6
15. b3 Rad8 16. Rfe1 a5 17. Nf1 Qc5 18. Ng5 Ne7 19. Qh5 h6 20. Nxe6 fxe6 21.
Re3 Rf6 22. Rd1 Rxd1 23. Bxd1 Ng6 24. g3 Qf8 25. Re2 Qc5 26. Rc2 Nf8 27. Ne3
Rg6 28. Bg4 Qc6 29. Qxe5 Rg5 30. Qd4 h5 31. Bf3 Qe8 32. Ng2 Qf7 33. Qd1 Rc5 34.
Nf4 Nbd7 35. Kg2 Qf6 36. c4 Ne5 37. Be2 b6 38. Rd2 Nf7 39. Rd3 Rc6 40. Qd2 Rd6
41. Rxd6 cxd6 42. Nd3 Nd7 43. f4 1-0

[Event "XXXI Festival A"]
[Site "Arco ITA"]
[Date "2009.10.24"]
[Round "8"]
[White "Franco Ocampos, Zenon"]
[Black "Borgo, Giulio"]
[Result "1/2-1/2"]
[WhiteElo "2505"]
[BlackElo "2434"]
[PlyCount "120"]
[EventDate "2009.10.17"]

1. Nf3 d5 2. b3 Bf5 3. g3 h6 4. Bg2 e6 5. Bb2 Nf6 6. O-O Be7 7. d3 O-O 8. Nbd2
c5 9. Ne5 Nbd7 10. e4 Bh7 11. exd5 Nxe5 12. Bxe5 exd5 13. Qf3 Qa5 14. Rfd1 Rad8
15. a3 Nd7 16. Bb2 Bf6 17. Bxf6 Nxf6 18. Qf4 Qc3 19. Rac1 Rfe8 20. Bf3 Re7 21.
Nf1 Qa5 22. a4 Rde8 23. Ne3 Qd8 24. h4 b6 25. d4 Be4 26. Ng4 Nxg4 27. Bxg4 c4
28. b4 Bg6 29. Qd2 h5 30. Bf3 Qd7 31. b5 Be4 32. Bxe4 Rxe4 33. Re1 Qe6 34. Rxe4
Qxe4 35. c3 Qf3 36. Re1 Re4 37. Rxe4 Qxe4 38. Kh2 f6 39. Qd1 g6 40. Kg1 Kf7 41.
Kf1 Kf8 42. Qd2 Qh1+ 43. Ke2 Qb1 44. Qh6+ Kg8 45. Qe3 Kf7 46. Qd2 Qe4+ 47. Kf1
Qh1+ 48. Ke2 Qb1 49. f3 Ke6 50. Qe3+ Kd7 51. Qh6 Qd3+ 52. Kf2 Qc2+ 53. Kf1 Qd1+
54. Kf2 Qc2+ 55. Kf1 Ke6 56. Qf8 Qd1+ 57. Kf2 Qd2+ 58. Kf1 Qd3+ 59. Kf2 Qc2+
60. Kf1 Qd3+ 1/2-1/2

[Event "XXXI Festival A"]
[Site "Arco ITA"]
[Date "2009.10.23"]
[Round "8"]
[White "Gasperoni, Claudio"]
[Black "Lazzaroni, Fabio"]
[Result "1/2-1/2"]
[WhiteElo "1770"]
[BlackElo "1867"]
[PlyCount "33"]
[EventDate "2009.10.17"]

1. d4 d5 2. c4 dxc4 3. Nc3 e5 4. e3 exd4 5. exd4 Nf6 6. Bxc4 c6 7. Nf3 Bd6 8.
O-O O-O 9. Qd3 Bg4 10. d5 cxd5 11. Nxd5 Nbd7 12. Bg5 h6 13. Bd2 Nxd5 14. Bxd5
Nf6 15. Be4 Re8 16. Bf5 Bxf5 17. Qxf5 1/2-1/2

[Event "XXXI Festival A"]
[Site "Arco ITA"]
[Date "2009.10.24"]
[Round "8"]
[White "Grant, Jonathan I.M."]
[Black "Casagrande, Fabio"]
[Result "1-0"]
[WhiteElo "2249"]
[BlackElo "2011"]
[PlyCount "45"]
[EventDate "2009.10.17"]

1. c4 c5 2. Nc3 g6 3. g3 Bg7 4. Bg2 Nc6 5. e4 Nf6 6. Nge2 d6 7. O-O O-O 8. d3
a6 9. h3 Rb8 10. a4 Bd7 11. Be3 Ne8 12. d4 cxd4 13. Nxd4 Nxd4 14. Bxd4 b5 15.
cxb5 axb5 16. a5 b4 17. Nd5 Bxd4 18. Qxd4 e5 19. Qd2 Rb5 20. a6 b3 21. Rfc1 Be6
22. a7 Bxd5 23. exd5 1-0

[Event "XXXI Festival A"]
[Site "Arco ITA"]
[Date "2009.10.23"]
[Round "8"]
[White "Isatto, Davide"]
[Black "Pedrotti, Luciano"]
[Result "1-0"]
[WhiteElo "1942"]
[BlackElo "1829"]
[PlyCount "63"]
[EventDate "2009.10.17"]

1. e4 e5 2. d4 exd4 3. c3 Nc6 4. cxd4 d5 5. e5 Bf5 6. a3 Nge7 7. Be3 h6 8. Nf3
Bg4 9. Be2 Nf5 10. Nc3 Nxe3 11. fxe3 Be7 12. Qb3 Na5 13. Qxd5 Qxd5 14. Nxd5 Bd8
15. b4 Bxf3 16. gxf3 Nc6 17. Rc1 a6 18. a4 Rc8 19. f4 Nb8 20. Nb6 cxb6 21. Rxc8
O-O 22. Kd2 Nc6 23. b5 axb5 24. axb5 Ne7 25. Rb8 Nd5 26. Rc1 g5 27. Rcc8 Be7
28. Rxf8+ Bxf8 29. fxg5 hxg5 30. Bc4 Ne7 31. Rxb7 Kg7 32. Kd3 1-0

[Event "XXXI Festival A"]
[Site "Arco ITA"]
[Date "2009.10.24"]
[Round "8"]
[White "Karl, Hans"]
[Black "Ricci, Alfredo"]
[Result "1/2-1/2"]
[WhiteElo "2229"]
[BlackElo "1993"]
[PlyCount "168"]
[EventDate "2009.10.17"]

1. e4 c5 2. Nc3 e6 3. d3 Nc6 4. g3 g6 5. Bg2 Bg7 6. Be3 d6 7. f4 Nge7 8. Bf2
Rb8 9. a4 O-O 10. Nge2 a6 11. O-O b5 12. axb5 axb5 13. e5 dxe5 14. Bxc5 exf4
15. Nxf4 b4 16. Na4 e5 17. Ne2 Be6 18. c3 Re8 19. c4 Qc7 20. Qc2 Red8 21. Rad1
Nf5 22. g4 Nh4 23. h3 Nxg2 24. Kxg2 b3 25. Qd2 Bxc4 26. Qe3 Be6 27. Bb6 Qb7 28.
Bxd8 Rxd8 29. Nc5 Bd5+ 30. Ne4 Ne7 31. Kg1 f5 32. N4c3 Bc6 33. Ra1 f4 34. Qa7
Qxa7+ 35. Rxa7 Bf8 36. Rd1 Nf5 37. Rc7 Ne7 38. Kh2 Ba8 39. Ra1 Bf3 40. Raa7 Re8
41. Ng1 Ba8 42. Ne4 Bxe4 43. dxe4 Nc8 44. Ra8 Nd6 45. Rxe8 Nxe8 46. Rb7 Nf6 47.
Nf3 Nxe4 48. Nxe5 Nc5 49. Rb5 Kg7 50. Kg2 g5 51. Kf3 Bd6 52. Nc4 Be7 53. Nd2
Ne6 54. Nxb3 Bf6 55. Rb7+ Kg6 56. Nd2 Bd4 57. b4 Be3 58. Nb3 Nd8 59. Rd7 Nf7
60. Ke4 Kf6 61. Nd4 Bxd4 62. Rxd4 Ke6 63. Rd3 Nd6+ 64. Kd4 Nb5+ 65. Kc5 Nc7 66.
b5 Nxb5 67. Kxb5 Ke5 68. Rd7 h6 69. Kc4 Ke4 70. Re7+ Kf3 71. Kd3 Kg2 72. Re1
Kxh3 73. Rh1+ Kxg4 74. Rxh6 Kf3 75. Kd2 g4 76. Ke1 Kg2 77. Rb6 f3 78. Rb2+ Kg3
79. Kf1 Kf4 80. Ra2 g3 81. Ra3 Kg4 82. Kg1 Kf4 83. Rc3 Ke4 84. Kf1 Kf4 1/2-1/2

[Event "XXXI Festival A"]
[Site "Arco ITA"]
[Date "2009.10.24"]
[Round "8"]
[White "Knors, Rudi"]
[Black "Vuelban, Virgilio"]
[Result "0-1"]
[WhiteElo "2113"]
[BlackElo "2405"]
[PlyCount "80"]
[EventDate "2009.10.17"]

1. e4 c5 2. Nf3 Nc6 3. Bb5 d6 4. O-O Bd7 5. c3 Nf6 6. Re1 a6 7. Ba4 b5 8. Bc2
Bg4 9. d3 e6 10. Nbd2 Be7 11. Nf1 Rc8 12. h3 Bh5 13. Ng3 Bg6 14. Bg5 O-O 15.
Nh4 Nd7 16. Bxe7 Qxe7 17. Nf3 Nb6 18. Qe2 d5 19. Rad1 Rfd8 20. Kh1 Qf6 21. Nh2
d4 22. Qf3 Qxf3 23. Nxf3 e5 24. Re2 f6 25. cxd4 exd4 26. Rc1 c4 27. a3 b4 28.
Bb1 c3 29. axb4 Nxb4 30. Nf5 Bxf5 31. exf5 Kf8 32. Kh2 a5 33. g3 Na4 34. bxc3
dxc3 35. Ne1 Nb2 36. Re4 c2 37. Bxc2 N4xd3 38. Nxd3 Nxd3 39. Bxd3 Rxc1 40. Bb5
Rb1 0-1

[Event "XXXI Festival A"]
[Site "Arco ITA"]
[Date "2009.10.23"]
[Round "8"]
[White "Lezzerini, Marco"]
[Black "Traversi, Carlo"]
[Result "1/2-1/2"]
[WhiteElo "1587"]
[BlackElo "1725"]
[PlyCount "40"]
[EventDate "2009.10.17"]

1. d4 Nf6 2. Bf4 d5 3. e3 e6 4. Bd3 Nc6 5. c3 Bd6 6. Bxd6 Qxd6 7. Nf3 e5 8.
dxe5 Nxe5 9. Nxe5 Qxe5 10. Nd2 O-O 11. O-O Bd7 12. Nf3 Qe7 13. Re1 Bg4 14. Be2
Rad8 15. Nd2 Bxe2 16. Qxe2 Qd6 17. Rad1 Qb6 18. Nf3 Rd6 19. Qc2 h6 20. Qb3 Qxb3
1/2-1/2

[Event "XXXI Festival A"]
[Site "Arco ITA"]
[Date "2009.10.23"]
[Round "8"]
[White "Marcori, Mirko"]
[Black "Roversi, Stefano"]
[Result "0-1"]
[WhiteElo "1878"]
[BlackElo "1824"]
[PlyCount "144"]
[EventDate "2009.10.17"]

1. d4 Nf6 2. Nf3 d6 3. e3 g6 4. Bd3 Bg7 5. b3 c5 6. c3 Nc6 7. Bb2 O-O 8. O-O
cxd4 9. exd4 Qa5 10. Nbd2 Bg4 11. Be2 Rac8 12. h3 Bf5 13. Nc4 Qc7 14. d5 Na5
15. Nxa5 Qxa5 16. c4 Ne4 17. Bxg7 Kxg7 18. Qd4+ f6 19. Bd3 Nd2 20. Nxd2 Qxd2
21. Rfd1 Qa5 22. Bxf5 gxf5 23. Qf4 b5 24. Qxf5 bxc4 25. Qg4+ Kh8 26. bxc4 Rg8
27. Qe6 Rxc4 28. Qxe7 Qd8 29. Qxd8 Rxd8 30. Rd2 Rdc8 31. g3 Kg7 32. Kg2 Kg6 33.
Re1 Rc2 34. Ree2 Rxd2 35. Rxd2 Kf5 36. Re2 Rc5 37. Re7 Ra5 38. Rxh7 Rxa2 39.
g4+ Ke5 40. Rh5+ Ke4 41. Rf5 a5 42. h4 a4 43. h5 Rb2 44. h6 a3 45. h7 Rb8 46.
Rh5 a2 47. Rh1 Kxd5 48. f4 Ke4 49. Kg3 Rh8 50. Ra1 Rxh7 51. Rxa2 d5 52. g5 fxg5
53. fxg5 d4 54. Ra8 d3 55. Rd8 Ke3 56. Re8+ Kd2 57. Rd8 Ke2 58. Re8+ Kd1 59.
Rd8 d2 60. Kg2 Re7 61. Kf1 Re5 62. g6 Rf5+ 63. Kg2 Rg5+ 64. Kf3 Rxg6 65. Kf2
Rf6+ 66. Kg2 Re6 67. Kf1 Re1+ 68. Kf2 Kc2 69. Rc8+ Kb3 70. Rb8+ Kc4 71. Rg8
d1=Q 72. Rg4+ Qxg4 0-1

[Event "XXXI Festival A"]
[Site "Arco ITA"]
[Date "2009.10.23"]
[Round "8"]
[White "Mazza, Maurizio"]
[Black "Bottesi, Gianluca"]
[Result "0-1"]
[WhiteElo "1677"]
[BlackElo "1559"]
[PlyCount "28"]
[EventDate "2009.10.17"]

1. e4 c5 2. c3 Nc6 3. d4 cxd4 4. cxd4 d6 5. Nc3 Nf6 6. Nf3 e6 7. Bd3 Qb6 8. O-O
Bd7 9. e5 dxe5 10. dxe5 Ng4 11. Re1 Nxf2 12. Be3 Nxd1 13. Bxb6 Nxc3 14. Ba5
Nxa5 0-1

[Event "XXXI Festival A"]
[Site "Arco ITA"]
[Date "2009.10.23"]
[Round "8"]
[White "Morselli, Stefano"]
[Black "Innocenti, Sandro"]
[Result "0-1"]
[WhiteElo "1921"]
[BlackElo "1701"]
[PlyCount "118"]
[EventDate "2009.10.17"]

1. g3 d5 2. Bg2 Nf6 3. Nf3 c6 4. d3 Bg4 5. Nbd2 e6 6. O-O Bd6 7. h3 Bh5 8. Re1
O-O 9. e4 dxe4 10. dxe4 Bxf3 11. Bxf3 e5 12. Nc4 Bc7 13. Bd2 Qd4 14. b3 b5 15.
c3 Qd7 16. Ne3 Rd8 17. Re2 Qxh3 18. Nf5 Ng4 19. Bxg4 Qxg4 20. Qf1 Bb6 21. Rd1
Kf8 22. Be3 Na6 23. Red2 Qxe4 24. Bxb6 Rxd2 25. Rxd2 Qxf5 26. Qd1 g6 27. Rd8+
Rxd8 28. Qxd8+ Kg7 29. Bxa7 Qb1+ 30. Kh2 Qxa2 31. Qd6 c5 32. Qxe5+ Kg8 33. Kg2
Qxb3 34. Bb6 Qe6 35. Qxe6 fxe6 36. Kf3 Kf7 37. Ke4 b4 38. cxb4 cxb4 39. Kd4 Ke7
40. Kc4 Kd7 41. Kb5 Nc7+ 42. Kc4 Nd5 43. Bd4 Kd6 44. f4 h5 45. Be5+ Kc6 46. Bd4
h4 47. gxh4 Nxf4 48. Kxb4 Kd5 49. Bf6 Ke4 50. Kc4 Kf5 51. Be7 e5 52. Kb3 Ke4
53. Kc2 Kf3 54. Kd2 e4 55. Bg5 e3+ 56. Kc2 Ng2 57. Kd3 e2 58. Bd2 e1=Q 59. Bxe1
Nxe1+ 0-1

[Event "XXXI Festival A"]
[Site "Arco ITA"]
[Date "2009.10.23"]
[Round "8"]
[White "Mulone, Gaspare"]
[Black "Galas, Franco"]
[Result "1-0"]
[WhiteElo "1394"]
[BlackElo "1792"]
[PlyCount "80"]
[EventDate "2009.10.17"]

1. e4 d6 2. d4 e6 3. Nc3 Ne7 4. Bg5 h6 5. Be3 Nd7 6. Qd2 b6 7. Bd3 Bb7 8. Nge2
c5 9. dxc5 Nxc5 10. Bb5+ Nd7 11. O-O-O Nc8 12. f3 a6 13. Bc4 g6 14. a3 b5 15.
Ba2 Bg7 16. Bd4 Bxd4 17. Nxd4 Qa5 18. Nb3 Qc7 19. Qd4 Rh7 20. Rhe1 e5 21. Qd3
Nc5 22. Nxc5 Qxc5 23. b4 Qc7 24. Re2 f6 25. Red2 Qb6 26. Bd5 Rb8 27. Be6 g5 28.
Kb2 Ne7 29. Qxd6 Qxd6 30. Rxd6 f5 31. exf5 Nc6 32. Bd5 Nd4 33. f6 Bxd5 34. Nxd5
Rc8 35. c3 Nf5 36. Re6+ Kf7 37. Rxe5 Nd6 38. Re7+ Kg6 39. Rxh7 Kxh7 40. Kb3 Kg6
1-0

[Event "XXXI Festival A"]
[Site "Arco ITA"]
[Date "2009.10.23"]
[Round "8"]
[White "Nania, Alberto"]
[Black "Ferrari, Michele"]
[Result "1/2-1/2"]
[WhiteElo "1704"]
[BlackElo "1827"]
[PlyCount "52"]
[EventDate "2009.10.17"]

1. d4 d5 2. c4 e6 3. Nc3 f5 4. Bf4 Nf6 5. Nf3 c6 6. e3 Nbd7 7. Bd3 Ne4 8. O-O
Be7 9. Rc1 O-O 10. Qb3 Kh8 11. Rfd1 Qe8 12. c5 Bf6 13. h3 e5 14. Bh2 exd4 15.
exd4 Qg6 16. Ne2 Ng5 17. Nxg5 Bxg5 18. Rc3 Nf6 19. f3 Qf7 20. Bb1 Re8 21. Kf1
Qe7 22. Be5 Nd7 23. f4 Nxe5 24. dxe5 Bh6 25. Rd4 Be6 26. Qd1 Qh4 1/2-1/2

[Event "XXXI Festival A"]
[Site "Arco ITA"]
[Date "2009.10.23"]
[Round "8"]
[White "Orlandi, Stefano"]
[Black "Buck, Klaus-Michael"]
[Result "1/2-1/2"]
[WhiteElo "1948"]
[BlackElo "1837"]
[PlyCount "51"]
[EventDate "2009.10.17"]

1. e4 e6 2. d4 d5 3. Nc3 Bb4 4. e5 c5 5. a3 Bxc3+ 6. bxc3 Nc6 7. Nf3 cxd4 8.
cxd4 Bd7 9. Bd3 h6 10. O-O Rc8 11. Bd2 Nge7 12. c3 Na5 13. Be1 Nc4 14. Nd2 Nb2
15. Qc2 Nxd3 16. Qxd3 a6 17. a4 Bc6 18. c4 O-O 19. f4 Nf5 20. g4 dxc4 21. Nxc4
Qxd4+ 22. Qxd4 Nxd4 23. h3 Nf3+ 24. Kf2 Bd5 25. Nd2 Rc2 26. Ke3 1/2-1/2

[Event "XXXI Festival A"]
[Site "Arco ITA"]
[Date "2009.10.23"]
[Round "8"]
[White "Pieri, Enzo"]
[Black "Antoniacci, Riccardo"]
[Result "0-1"]
[WhiteElo "1812"]
[BlackElo "1895"]
[PlyCount "66"]
[EventDate "2009.10.17"]

1. d4 Nf6 2. Nf3 d5 3. e3 Nbd7 4. Bd3 e6 5. O-O Bd6 6. Nbd2 c5 7. c3 O-O 8. Re1
b6 9. dxc5 Nxc5 10. Bb1 Ba6 11. Nb3 Nce4 12. Nbd4 Qd7 13. Bd3 Bxd3 14. Qxd3 a6
15. Nd2 Bc7 16. Nxe4 dxe4 17. Qc2 Qd6 18. f4 g6 19. Qf2 Ng4 20. Qg3 f5 21. h3
Nf6 22. b3 Kf7 23. Bb2 Nh5 24. Qf2 e5 25. Ne2 exf4 26. Rad1 fxe3 27. Qxe3 Qh2+
28. Kf2 Rad8 29. c4 Nf4 30. Nxf4 Bxf4 31. Qc3 e3+ 32. Rxe3 Bxe3+ 33. Kxe3 Qg3+
0-1